| 000 | 00960naa a2200277 c 4500 | ||
|---|---|---|---|
| 001 | 33985 | ||
| 003 | ES-MaCES | ||
| 005 | 20040413131600.0 | ||
| 008 | 040413n2003 xxkd t 000 | eng d | ||
| 035 | _aCES20040002596v | ||
| 040 |
_aES-MaCES _bspa _cES-MaCES |
||
| 100 | 1 |
_aBird, Graham _97781 |
|
| 245 | 1 | 0 |
_aPolitical economy influences within the life-cycle of IMF programmes _cGraham Bird and Dane Rowlands |
| 504 | _aBibliografía: 1276-1278 | ||
| 610 | 2 | 4 |
_aFondo Monetario Internacional _93625 |
| 650 | 4 |
_apolítica económica _927025 |
|
| 650 | 4 |
_aciclo vital _929808 |
|
| 650 | 4 |
_aprograma de financiación _928126 |
|
| 650 | 4 |
_aFMI _926721 |
|
| 653 | 1 | 0 | _aFinanciación |
| 700 | 1 |
_aRowlands, Susan _922715 |
|
| 773 | 0 |
_tThe world economy _gvol. 26, no. 9 (Sep. 2003){10214 R. 054793}; p. 1255-1278 _w(ES-MaCES)25728 _970107 |
|
| 902 | _aART Artículo de revista | ||
| 942 |
_2CES _cAR _h0.0. |
||
| 999 |
_c33985 _d33985 |
||